Vykonávanie správy dane z nehnuteľností obcami

Na vykonávanie správy dane z nehnuteľností sú zákonom č. 317/1992 Zb. o dani z nehnuteľností v znení neskorších zákonov určené obce a celý výnos tejto majetkovej dane je ich príjmom. Zásady daňového konania. Evidencia daňovníkov a vyhľadávacia činnosť. Daňová kontrola. Evidovanie dane a splátok dane...

Full description

Saved in:
Bibliographic Details
Main Author: Bubeníková, Irena
Format: Book Chapter
Language:Slovak
Subjects:
Tags: Add Tag
No Tags, Be the first to tag this record!

MARC

LEADER 00000naa a2200000 4500
001 r047143
005 20230711120325.6
041 0 |a slo 
044 |a SK 
245 1 0 |a Vykonávanie správy dane z nehnuteľností obcami  |c Irena Bubeníková 
520 |a Na vykonávanie správy dane z nehnuteľností sú zákonom č. 317/1992 Zb. o dani z nehnuteľností v znení neskorších zákonov určené obce a celý výnos tejto majetkovej dane je ich príjmom. Zásady daňového konania. Evidencia daňovníkov a vyhľadávacia činnosť. Daňová kontrola. Evidovanie dane a splátok dane z nehnuteľností. Vyrubenie dane. Rozhodovanie o právach a povinnostiach daňovníkov. Vymáhanie daňových nedoplatkov. Vykonanie opatrenia na odstránenie tvrdosti zákona o dani z nehnuteľností. 
610 2 0 |a správa daňová 
610 2 0 |a dane z nehnuteľností 
610 2 0 |a obce 
610 2 0 |a evidencia 
610 2 0 |a daňovníci 
610 2 0 |a kontrola daňová 
100 1 |a Bubeníková, Irena